000 01007namaa2200217 i 4500
001 174148
003 ES-MaACL
005 20250815105804.0
008 100224s1917 sp | |||| ||spa d
080 _a551.468.2(460.13)
100 1 _aDantín Cereceda, Juan,
_d1881-1943
_942666
245 1 0 _aEvolución morfológica de la bahía de Santander /
_cpor J. Dantín Cereceda.
260 _aMadrid :
_bJunta para Ampliación de Estudios e Investigaciones Científicas,
_c1917 (
_fImp. de Fortanet)
300 _a43 p., [1] h. de map. pleg. :
_bil. ;
_c23 cm.
490 1 _aTrabajos del Museo Nacional de Ciencias Naturales. Serie geológica ;
_v20
650 4 _aCostas-
_zCantabria (Comunidad Autónoma)
_9142233
710 2 _aJunta para la Ampliación de Estudios e Investigaciones Científicas.
_95413
830 0 0 _aTrabajos del Museo Nacional de Ciencias Naturales.
_pSerie geológica
_v20
_9189286
852 _aES-MaACL
_jB-13129(2)
_z.- Encuadernado con otras obras
999 _c174148
_d174148